| 000 | 00698nam a2200229 a 4500 | ||
|---|---|---|---|
| 001 | BRCA_4853 | ||
| 005 | 20190320204830.0 | ||
| 008 | 220910s1947----u--a######---#000-0#ger-# | ||
| 041 | _aeng | ||
| 044 | _au | ||
| 050 | 4 |
_aNK4240 _b.C36 1947 |
|
| 100 | 1 |
_aCampana, D. M. _912286 |
|
| 245 | 1 | 0 |
_aThe teacher of pottery made at home _cby D. M. Campana. |
| 260 |
_aChicago _bD. M. Campana _c1947 |
||
| 300 |
_a92 p. _bil. _c20 cm. |
||
| 440 | 0 |
_aCampana´s educational art library _912287 |
|
| 500 | _aDonación Dr. Héctor Rivero Borrell Vázquez | ||
| 650 | 1 | 4 |
_aCerámica _zEstados Unidos _97315 |
| 650 | 1 | 4 |
_aCerámica hecha a mano _xHogar _zEstados Unidos _912288 |
| 902 | _aDHR | ||
| 942 |
_2lcc _cB |
||
| 999 |
_c4547 _d4547 |
||